RASA : Red de Alternativas Sustentables Agropecuarias de Jalisco /
Presentación de los avances alcanzados por la organización Red de Alternativas Sustentables Agropecuarias de Jalisco (RASA) en su búsqueda por crear un sector rural que produzca alimentos; fortalezca a las familias campesinas; use racionalmente y conserve los recursos naturales y responda a los reto...
-д хадгалсан:
| Үндсэн зохиолч: | |
|---|---|
| Бусад зохиолчид: | , , , , |
| Формат: | |
| Хэл сонгох: | испани |
| Нөхцлүүд: | |
| Шошгууд: |
Шошго байхгүй, Энэхүү баримтыг шошголох эхний хүн болох!
|
MARC
| LEADER | 00000ngm^a2200000^a^4500 | ||
|---|---|---|---|
| 001 | 000136010 | ||
| 005 | 20250521000000.0 | ||
| 009 | 20260310095304.757 | ||
| 037 | |a Acervo ITESO - Biblioteca | ||
| 041 | |a ESP | ||
| 082 | |a 333. 76097235 |b PUL | ||
| 100 | |a Pulido, Belén |e (autor) | ||
| 245 | 1 | 0 | |a RASA : |b Red de Alternativas Sustentables Agropecuarias de Jalisco / |c B. Pulido. |
| 264 | |a Guadalajara, México : |b ITESO, Centro de Investigación y Formación Social, |c 2001 | ||
| 300 | |a 1 videocasete VHS |c (25 min.) | ||
| 336 | |a imagen móvil bidimensional |b tdi |2 rdacontenido | ||
| 337 | |a video |b v |2 rdamedio | ||
| 338 | |a videocasete |b vf |2 rdasoporte | ||
| 520 | |a Presentación de los avances alcanzados por la organización Red de Alternativas Sustentables Agropecuarias de Jalisco (RASA) en su búsqueda por crear un sector rural que produzca alimentos; fortalezca a las familias campesinas; use racionalmente y conserve los recursos naturales y responda a los retos productivos, sociales y ecológicos que plantea la actividad agrícola en México. | ||
| 649 | |a XX | ||
| 650 | |a Campesinos Jaliscienses | ||
| 650 | |a Campesinos Mexicanos | ||
| 650 | |a Agricultura - |z Jalisco | ||
| 650 | |a Agricultura - |z México | ||
| 650 | |a Industria Agropecuaria - |z Jalisco | ||
| 650 | |a Industria Agropecuaria - |z México | ||
| 650 | |a Recursos Naturales - |z Jalisco | ||
| 650 | |a Recursos Naturales - |z México | ||
| 650 | |a Desarrollo Sustentable - |z Jalisco | ||
| 650 | |a Desarrollo Sustentable - |z México | ||
| 650 | |a Desarrollo Económico-Social - |z Jalisco | ||
| 650 | |a Desarrollo Económico-Social - |z México | ||
| 650 | |a Conservación y Protección Ambiental - |z Jalisco | ||
| 650 | |a Conservación y Protección Ambiental - |z México | ||
| 650 | |a Economía - |z Jalisco | ||
| 650 | |a Economía - |z México | ||
| 650 | |a Medio Ambiente - |z Jalisco | ||
| 650 | |a Medio Ambiente - |z México | ||
| 650 | |a Zonas Rurales - |z Jalisco | ||
| 650 | |a Zonas Rurales - |z México | ||
| 700 | |a Pulido, Belén |e (guión) | ||
| 700 | |a Morales Hernández, Jaime |e (guión) | ||
| 700 | |a Castillo Castillo, Antonio |e (guión) | ||
| 700 | |a Rojas, Ivonne |e (fotógrafo) | ||
| 700 | |a Navarro, Arturo |e (fotógrafo) | ||
| 910 | |a Fondo General | ||
| 920 | |a Audiovisuales - Videocasetes | ||
| 905 | |a 301 | ||
| 901 | |a 0500062964 |b IT2 |c VIS |u 20250521 | ||
| 902 | |a https://opac.biblio.iteso.mx/vufind/Record/000136010 | ||